000 00607nam a2200193Ia 4500
008 131103s9999 xx 000 0 und d
040 _aLoreto College
041 _aEnglish
082 _a943/PIN
_bLCLIB/14534
100 _aPinson,Koppel S.
245 _aModern Germany
_b its history and civilization
_cKoppel S.Pinson; chapter XXIII by Klaus Epstein
250 _a2nd ed.
260 _aNew York
_bThe Macmillan Co.
_c1954 (1967 printing)
300 _axv,682 p.
_c 24 cm.
504 _aIncludes bibliographical references and index
650 _aGermany - History
850 _aLCLIB
942 _cBK
999 _c8368
_d58847